1250 1163 1114 1362 1687 1276 1777 1699 1234 1865 1101 1952 1872 1423 1531 1316 1878 1062 1304 1239 1807 1297 1256 1550 1382 1586 1280 1937 1911 1782 1972 1222 1578 1841 1709 1874 1597 1099 1167 1343 1065 1031 1467 1498 1327 1819 1376 1148 1325 1836 1069 1550 1880 1519 1300 1596 1792 1711 1596 1637 1487 1222 1496 1818 1359 1856 1363 1095 1055 1290 1477 1721 1514 1529 1640 1032 1621 1992 1625 1939 1463 1414 1199 1068 1124 1611 1245 1871 1764 1869 1564 1531 1155 1302 1331 1766 1034 1620 1690 BCNSPRNW ULIB Ver.6.0+V

เปลี่ยนเป็นภาษาไทย

Change to English
 แสดงรายละเอียดบรรณานุกรม
  กลับหน้าหลัก

Brief Record : Get Marc (ISO 2709) : E-mail record : QR code < ปิดหน้าต่าง
LEADER : 00000nam 2200000uu 4500
001    13399110724
003     ULIB
008    110608s2552||||th 000 0 tha d
020    9789744140944
041 1  tha^heng
050  4 BF353.5.C53^bอ913ก 2552
100 1  เอลคิน, อัลเลน
245 10 52 กิจกรรมสบายใจไกลความเครียด =^bRelax in the city week by week /^cผู้เขียน, อัลเลน เอลคิน ; ผู้แปล, สัจจะพล ศรีสอ้าน; ผู้เรียบเรียง, ธนิกานต์ มาฆะศิรานนท์
246 31 Relex in the city week by week
250    พิมพ์ครั้งที่ 1
260    กรุงเทพฯ :^bดีไลน์พับลิชชิ่ง,^c2552
300    157 หน้า
650  7 ความเครียด (จิตวิทยา)^xการจัดการ
650  7 การดำเนินชีวิต
650  7 การพักผ่อน
650  7 ความสุข
700 0  สัจจะพล ศรีสอ้าน,^eผู้แปล
700 0  ธนิกานต์ มาฆะศิรานนท์
700 12 Elkin, Allen.^tRelax in the city week by week
945    ^p150^l0^i18243
995    กัณชพร
999    ^aใช้งานได้ทุกระบบ
รายการนี้ยังไม่มีแท็ก
คุณยังไม่ได้ล็อกอิน คุณสามารถมีกิจกรรมร่วมกับเว็บไซต์ได้ แต่ต้องล็อกอินก่อน ::
  ล็อกอิน

รายการสื่อสารสนเทศ

ลำดับที่ ประเภท เลขเรียก/บาร์โค้ด สถานที่ สถานะ
- ไม่พบข้อมูล -

รายการใกล้เคียง
    ผู้แต่ง [เอลคิน, อัลเลน]

    หัวเรื่อง [การดำเนินชีวิต]
    หัวเรื่อง [การพักผ่อน]
    หัวเรื่อง [ความสุข]

BibComment


ยังไม่เคยถูกคอมเมนท์

คอมเมนท์ทรัพยากรรายการนี้
  คอมเมนท์: 52 กิจกรรมสบายใจไ..


 Copyright 2026. Bcnsprnw @Library